| 000 | 00461nam a2200181 a 4500 | ||
|---|---|---|---|
| 001 | 8448 | ||
| 003 | CO-ViMGA | ||
| 008 | 141112s2004 ck r 000 u spa d | ||
| 020 | _a9800103538 | ||
| 040 |
_aCO-ViMGA _bspa _cCO-ViMGA |
||
| 082 | 0 | 4 | _aV863.5 P62t |
| 100 | 1 |
_aPocaterra, Jose Rafael _98276 |
|
| 245 | 1 | 0 | _aTierra del sol amada |
| 250 | _a1 | ||
| 260 |
_aCaracas, _cMonte avila editores, _c1991 |
||
| 650 | 1 | 4 |
_aNOVELA VENEZOLANA _96491 |
| 942 |
_2ddc _cBK |
||
| 999 |
_c20146 _d20146 |
||